000 00647nam a2200229Ia 4500
005 20260429112315.0
008 260429s9999||||xx |||||||||||||| ||und||
020 _a9781032591971
041 _aEnglish
082 _a519.535
_bMAN
100 _aManly, Bryan F. J.
245 0 _aMultivariate statistical methods :
_ba primer /
_cBryan F. J. Manly
250 _a5th ed.
260 _aBoca Raton :
_bCRC Press,
_c2025.
300 _axiii, 279 p.; pbk
650 _a Applied statistics
650 _a Statistical methods
650 _aMultivariate analysis
700 _a Gerow, Ken
700 _a Navarro Alberto, Jorge A.
942 _cTB
999 _c53407
_d53407